00240nam a2200097Ia 4500001000800000005001700008008004100025020001800066245003900084260001900123127595520260417160438.0260417s9999 xx 000 0 und d a9772149467979 0aO’nun Gibi SerisicAziz Kadırga bKetebe Çocuk